| 000 | 01369nam a2200241 a 4500 | ||
|---|---|---|---|
| 008 | 120209s2010 ||||||||||||||||| || u | ||
| 020 | _a9780273715450 | ||
| 050 | _aQD 33.2 Hou | ||
| 100 | _aConstable, Edwin C | ||
| 245 | 1 | 0 |
_aChemistry: an introduction to organic, inorganic and physical chemistry. -- 4th ed. _cby Catherine E. Housecroft and Edwin C. Constable |
| 250 | _a4th ed. | ||
| 260 |
_aHarlow, Essex _bPearson _c2010 |
||
| 300 | _axxxii, 1517p.: ill. | ||
| 350 | _a0.00 | ||
| 500 | _aAccompanied By Student Access Kit | ||
| 650 | 0 | _aCHEMISTRY--TEXTBOOKS | |
| 700 | _aHousecroft, Catherine E | ||
| 995 |
_aSHORT LOAN BOOKS _e745747 _FCBU-MAIN LIBRARY (Kitwe) _I0.00 _jQD 33.2 Hou _M3 _UAVAILABLE _WApr 28, 2016 _y745747 _ZShort Loan Collection |
||
| 995 |
_aMAIN LIBRARY OPEN ACCESS _e745748 _FCBU-MAIN LIBRARY (Kitwe) _I0.00 _jQD 33.2 Hou _M4 _UOUT _WApr 28, 2016 _y745748 _ZMain Library Open Access Collection |
||
| 995 |
_aSHORT LOAN BOOKS _e743018 _FCBU-MAIN LIBRARY (Kitwe) _I0.00 _jQD 33.2 Hou _M1 _UAVAILABLE _WJul 6, 2012 _y743018 _ZShort Loan Collection |
||
| 995 |
_aMAIN LIBRARY OPEN ACCESS _e746147 _FCBU-MAIN LIBRARY (Kitwe) _I0.00 _jQD 33.2 Hou _M5 _UAVAILABLE _WApr 28, 2016 _y746147 _ZMain Library Open Access Collection |
||
| 995 |
_aSHORT LOAN BOOKS _e745476 _FCBU-MAIN LIBRARY (Kitwe) _I122.50 _jQD 33.2 Hou _M2 _UAVAILABLE _WApr 28, 2016 _y745746 _ZShort Loan Collection |
||
| 999 |
_c79310 _d79310 |
||